00000000nam 2200000zi 4500
0019.922132
003CaOODSP
00520230502095443
006m     o  d f      
007cr |n ||||||||
008230502e198307##oncd    os   f000 0|fre d
040 |aCaOODSP|bfre|erda|cCaOODSP
041 |afre|aeng
043 |an-cn---
0861 |aC23-174/1983-PDF
24500|aFederal government expenditures on R & D, 1975-76 to 1983-84 = |bdépenses de l'administration fédérale au titre de la R-D, 1975-76 à 1983-84.
24611|aDépenses de l'administration fédérale au titre de la R-D, 1975-76 à 1983-84
264 1|a[Ottawa] : |bMinistère d'État, Sciences et technologie Canada, |cJuillet 1983.
300 |a1 ressource en ligne (52 pages) : |bgraphiques
336 |atexte|btxt|2rdacontent/fre
337 |ainformatique|bc|2rdamedia/fre
338 |aressource en ligne|bcr|2rdacarrier/fre
500 |aÉdition numérisée de l'imprimé [par Innovation, Sciences et Développement économique Canada].
546 |aTexte en français et en anglais.
650 6|aRecherche industrielle|zCanada|vStatistiques.
650 6|aAide de l'État à la recherche|zCanada|vStatistiques.
655 7|aStatistiques|2rvmgf
7101 |aCanada. |bMinistère d'État, Sciences et technologie, |eorganisme de publication.
791 |tFederal government expenditures on R & D, 1975-76 to 1983-84 = |eeng|w(CaOODSP)9.891898
85640|qPDF|s1.84 Mo|uhttps://publications.gc.ca/collections/collection_2023/isde-ised/c23/C23-174-1983.pdf